[Event "Detroit (HPO/1/4)"]
[Site "?"]
[Date "1991.??.??"]
[Round "?"]
[White "Brooks, John"]
[Black "Williams, Eddie"]
[Result "1-0"]
[WhiteElo "2225"]
[BlackElo "1670"]
[PlyCount "65"]
[EventDate "1991.??.??"]

{1/(4)} 1. d4 d5 2. c4 Nc6 3. cxd5 Qxd5 4. e3 e6 5. Nc3 Bb4 6. Bd2 Bxc3 7. bxc3
Nf6 8. f3 O-O 9. e4 Qh5 10. h4 Qg6 11. g4 Nxe4 12. h5 Nxc3 13. Bxc3 Qg5 14. Qd2
Qd5 15. Bg2 Rd8 16. Ne2 b6 17. O-O Ba6 18. f4 Qd6 19. Rfd1 Rab8 20. Ng3 Ne7 21.
Ne4 Qd7 22. h6 Nd5 23. hxg7 Kxg7 24. g5 Bb7 25. Bb2 Qb5 26. Rf1 c5 27. dxc5+
Kf8 28. a4 Qe8 29. Qd4 bxc5 30. Qxc5+ Ne7 31. Qe5 Ng8 32. Ba3+ Ne7 33. Qh8# 1-0

[Event "Flint (MEX/1)"]
[Site "?"]
[Date "1991.??.??"]
[Round "?"]
[White "Brooks, John"]
[Black "Pence, Mark"]
[Result "0-1"]
[WhiteElo "2250"]
[BlackElo "2060"]
[PlyCount "114"]
[EventDate "1991.??.??"]

1. d4 Nf6 2. c4 e6 3. Nc3 d5 4. e3 Be7 5. Bd3 dxc4 6. Bxc4 c5 7. Nf3 Nc6 8. Bb5
Bd7 9. O-O a6 10. Bd3 O-O 11. b3 cxd4 12. exd4 Nb4 13. Bb1 Rc8 14. Bb2 Bc6 15.
Ne5 Qb6 16. a3 Nbd5 17. Nxc6 Rxc6 18. Na4 Qc7 19. b4 Rd8 20. Qf3 Qf4 21. Qxf4
Nxf4 22. Re1 N6d5 23. g3 Nh5 24. Bd3 Nhf6 25. Rad1 h6 26. Nc5 Rc7 27. Bf1 a5
28. bxa5 Bxc5 29. dxc5 Rxc5 30. Bd4 Rcc8 31. Rb1 Ra8 32. Red1 Rdc8 33. Rb5 Ne4
34. Rd3 Nd6 35. Rc5 Nc4 36. Rxc8+ Rxc8 37. Bc3 Ra8 38. Be1 Nxa5 39. a4 Nc6 40.
a5 Nxa5 41. Ra3 b6 42. Bb5 Ra7 43. Ra4 Kf8 44. Bd2 f6 45. Bd3 Nc6 46. Rc4 Ne5
47. Rc8+ Kf7 48. Bb5 Nf3+ 49. Kg2 Nxd2 50. Be8+ Ke7 51. h4 Ne4 52. Bg6 f5 53.
f3 Ne3+ 54. Kh3 Nf2+ 55. Kh2 Ra1 56. g4 f4 57. Re8+ Kd7 0-1

[Event "Detroit (HPO/3/4)"]
[Site "?"]
[Date "1991.??.??"]
[Round "?"]
[White "Brooks, John"]
[Black "Jirjis, Faris"]
[Result "1-0"]
[WhiteElo "2225"]
[BlackElo "2095"]
[PlyCount "76"]
[EventDate "1991.??.??"]

{3/(4)} 1. d4 Nf6 2. c4 e6 3. Nc3 b6 4. e4 Bb4 5. f3 O-O 6. Nge2 Ba6 7. a3 Be7
8. Ng3 d5 9. e5 Ne8 10. cxd5 Bxf1 11. Nxf1 exd5 12. Ne3 c6 13. O-O g6 14. f4 f5
15. b4 b5 16. Bd2 Na6 17. Qb3 Nac7 18. Ne2 Qd7 19. Rfc1 Ne6 20. Qc2 Rc8 21. a4
N8g7 22. axb5 cxb5 23. Qb3 Rxc1+ 24. Bxc1 Rd8 25. Bd2 g5 26. g3 Qb7 27. Qb1
gxf4 28. gxf4 Rf8 29. Qa2 Nc7 30. Qxa7 Qc6 31. Rc1 Qg6+ 32. Ng3 Nh5 33. Rxc7
Nxg3 34. hxg3 Qxg3+ 35. Ng2 Bh4 36. Be1 Qg4 37. Bxh4 Qd1+ 38. Kh2 Qg4 1-0

[Event "Flint (MEX/3)"]
[Site "?"]
[Date "1991.??.??"]
[Round "?"]
[White "Brooks, John"]
[Black "Chehayeb, Sal"]
[Result "1-0"]
[WhiteElo "2250"]
[BlackElo "2095"]
[PlyCount "93"]
[EventDate "1991.??.??"]

1. d4 g6 2. c4 Bg7 3. h4 c5 4. d5 b5 5. h5 bxc4 6. e4 Nf6 7. h6 Bf8 8. e5 Ne4
9. Rh4 Qa5+ 10. Nc3 Nxc3 11. Qd2 e6 12. Bxc4 Qd8 13. dxe6 fxe6 14. Nf3 Na4 15.
Qc2 Nb6 16. Bd3 Rg8 17. Rg4 d5 18. exd6 Qxd6 19. Bf4 e5 20. Bxe5 Qe7 21. Re4
Bf5 22. Bd6 Bxe4 23. Bxe7 Bxd3 24. Qxd3 Bxe7 25. Qe4 N8d7 26. O-O-O Rb8 27. Re1
Nc8 28. Qc6 Rf8 29. Ne5 Ncb6 30. Qb5 Bg5+ 31. Kb1 Kd8 32. Rd1 Rb7 33. Qxc5 Bxh6
34. Nc6+ Kc8 35. Nxa7+ Kb8 36. Nc6+ Kc8 37. Ne7+ Kb8 38. Nc6+ Kc8 39. Qc2 Rc7
40. Qe4 Rxf2 41. Qh4 Be3 42. Qd8+ Kb7 43. Na5+ Ka6 44. Qxc7 Nc5 45. b4 Nba4 46.
Rd6+ Kb5 47. Qb8+ 1-0

[Event "East Lansing (MOR/3)"]
[Site "?"]
[Date "1991.??.??"]
[Round "?"]
[White "Brooks, Brion"]
[Black "Tanner, S."]
[Result "1-0"]
[WhiteElo "1745"]
[BlackElo "1645"]
[PlyCount "87"]
[EventDate "1991.??.??"]

1. d4 Nf6 2. c4 g6 3. Nc3 Bg7 4. e4 d6 5. Nge2 O-O 6. Ng3 e5 7. d5 c6 8. f3
Nbd7 9. Be3 h5 10. dxc6 bxc6 11. Qxd6 Bb7 12. Rd1 Re8 13. c5 Bf8 14. Qd2 Nxc5
15. Qc2 Qc7 16. Be2 Ne6 17. O-O Red8 18. Na4 Nd4 19. Bxd4 Rxd4 20. Rxd4 exd4
21. Nc5 Qb6 22. Na4 Qc7 23. Rc1 Bh6 24. Rd1 Rd8 25. Nc5 Qb6 26. Kh1 Bf8 27.
Nxb7 Qxb7 28. Bc4 c5 29. Rd3 Bd6 30. Qe2 Qc7 31. Nf1 Nh7 32. g3 Rb8 33. Rb3
Rxb3 34. Bxb3 Nf6 35. f4 Qb7 36. Nd2 Kg7 37. Kg1 Bf8 38. e5 Ne8 39. Qc4 Qe7 40.
Ne4 Nc7 41. Nd6 Qe6 42. Qxc5 Bxd6 43. Qxd6 Qxd6 44. exd6 1-0

[Event "East Lansing (MOR/1)"]
[Site "?"]
[Date "1991.??.??"]
[Round "?"]
[White "Brooks, Brion"]
[Black "Rosebrook, G."]
[Result "1-0"]
[WhiteElo "1745"]
[BlackElo "1605"]
[PlyCount "49"]
[EventDate "1991.??.??"]

1. d4 Nf6 2. c4 e6 3. Nf3 g6 4. Nc3 Bg7 5. e4 d6 6. Be2 Bd7 7. O-O Qc8 8. Re1
O-O 9. e5 Ne8 10. c5 a6 11. Ne4 Nc6 12. Bf4 Ne7 13. exd6 Nf5 14. dxc7 Nxc7 15.
Nd6 Nxd6 16. Bxd6 Re8 17. Ne5 Bxe5 18. dxe5 Nd5 19. Rc1 Qd8 20. Bf3 Bc6 21. Qd2
Qh4 22. Re4 Qd8 23. Qh6 Nf6 24. exf6 Qxf6 25. Be5 1-0

[Event "East Lansing (MOR/7)"]
[Site "?"]
[Date "1991.??.??"]
[Round "?"]
[White "Brooks, Brion"]
[Black "Neff, M."]
[Result "0-1"]
[WhiteElo "1745"]
[BlackElo "1700"]
[PlyCount "48"]
[EventDate "1991.??.??"]

1. d4 Nf6 2. c4 e6 3. Nf3 b6 4. a3 Bb7 5. Nc3 c5 6. e3 d5 7. b3 Be7 8. Bd3 O-O
9. Bb2 Nbd7 10. Rc1 Ne4 11. O-O Bd6 12. cxd5 exd5 13. dxc5 bxc5 14. Bb1 Ndf6
15. Nd2 Nxd2 16. Qxd2 Bxh2+ 17. Kxh2 Ng4+ 18. Kg1 Qh4 19. Rfe1 Qh2+ 20. Kf1
Qh1+ 21. Ke2 Qxg2 22. Rg1 Qxf2+ 23. Kd3 Ba6+ 24. Kc2 Nxe3# 0-1

[Event "East Lansing (MOR/5)"]
[Site "?"]
[Date "1991.??.??"]
[Round "?"]
[White "Brooks, Brion"]
[Black "Brown, F."]
[Result "1-0"]
[WhiteElo "1745"]
[BlackElo "1680"]
[PlyCount "45"]
[EventDate "1991.??.??"]

1. d4 d5 2. c4 c6 3. cxd5 cxd5 4. Nc3 Nf6 5. Nf3 e6 6. Bg5 Nbd7 7. e3 a6 8. Bd3
Be7 9. Qc2 O-O 10. O-O b5 11. e4 Nxe4 12. Nxe4 Bxg5 13. Nexg5 h6 14. Bh7+ Kh8
15. Bg8 Nf6 16. Nxf7+ Rxf7 17. Bxf7 Ra7 18. Bg6 Rc7 19. Qd2 Bd7 20. Rac1 Ra7
21. Ne5 Kg8 22. Bf7+ Kf8 23. Qb4+ 1-0

[Event "East Lansing (MOR/4)"]
[Site "?"]
[Date "1991.??.??"]
[Round "?"]
[White "Brewer, R."]
[Black "Mose, Greg"]
[Result "1-0"]
[WhiteElo "1605"]
[BlackElo "1665"]
[PlyCount "63"]
[EventDate "1991.??.??"]

1. e4 c5 2. d4 cxd4 3. c3 dxc3 4. Nxc3 e5 5. Nf3 Nc6 6. Bc4 Nf6 7. O-O Be7 8.
Qe2 O-O 9. Rd1 d6 10. h3 a6 11. Be3 b5 12. Bb3 Bb7 13. a3 Na5 14. Bc2 Rc8 15.
Nxe5 Rxc3 16. bxc3 Qc7 17. Ng4 Nxe4 18. Bxe4 Bxe4 19. Bd4 f5 20. Ne3 f4 21. f3
Bb7 22. Ng4 Nb3 23. Qe6+ Kh8 24. Qxb3 d5 25. Re1 Bc5 26. Re5 Qb6 27. Qd1 a5 28.
Bxc5 Qxc5+ 29. Qd4 Qc7 30. Rae1 Qd7 31. Re7 Qxe7 32. Rxe7 1-0

[Event "East Lansing (MOR/7)"]
[Site "?"]
[Date "1991.??.??"]
[Round "?"]
[White "Brewer, R."]
[Black "Letourneau, Keith"]
[Result "0-1"]
[WhiteElo "1605"]
[BlackElo "1640"]
[PlyCount "128"]
[EventDate "1991.??.??"]

1. e4 c6 2. d4 d5 3. exd5 cxd5 4. c4 Nc6 5. Nc3 dxc4 6. Bxc4 Qxd4 7. Qxd4 Nxd4
8. Bd3 Bd7 9. Be3 Nc6 10. Nf3 e6 11. O-O Nf6 12. Rac1 Be7 13. Nb5 O-O 14. Rfd1
Nb4 15. Bf1 Bxb5 16. Bxb5 Nbd5 17. Bg5 a6 18. Bc4 Rac8 19. Bxd5 Rxc1 20. Rxc1
Nxd5 21. Bxe7 Nxe7 22. Rc7 Rc8 23. Rxc8+ Nxc8 24. Kf1 f6 25. Ke2 Kf7 26. Kd3
Ke7 27. Kc4 Kd6 28. Kb4 b6 29. a4 Ne7 30. Kc4 Nc6 31. Nd2 Ne5+ 32. Kd4 Nc6+ 33.
Kc4 f5 34. f4 h6 35. h4 Ne7 36. Kd4 Ng6 37. g3 e5+ 38. fxe5+ Nxe5 39. h5 Nc6+
40. Kd3 Kc5 41. Nc4 b5 42. axb5 axb5 43. Na3 b4 44. Nc4 Ne7 45. Nd2 g6 46. hxg6
Nxg6 47. Nb3+ Kd5 48. Nd2 h5 49. Ke2 f4 50. gxf4 Nxf4+ 51. Ke3 Ne6 52. Ne4 Kc4
53. Nd2+ Kd5 54. Nf3 Kc5 55. Nd2 Kb5 56. Kd3 h4 57. Nf3 h3 58. Ke2 Ka4 59. Kf2
Kb3 60. Kg3 Kxb2 61. Kxh3 Kc2 62. Kg3 b3 63. Ne1+ Kc3 64. Kf2 b2 0-1

[Event "East Lansing (MOR/1)"]
[Site "?"]
[Date "1991.??.??"]
[Round "?"]
[White "Brewer, R."]
[Black "Falkowski, Kenneth"]
[Result "0-1"]
[WhiteElo "1605"]
[BlackElo "1745"]
[PlyCount "126"]
[EventDate "1991.??.??"]

1. e4 c6 2. d4 d5 3. exd5 cxd5 4. c4 Nf6 5. Nc3 Bf5 6. Nf3 e6 7. c5 b6 8. Bb5+
Ke7 9. b4 Qc7 10. O-O a6 11. Qa4 Bc2 12. Qxc2 axb5 13. Nxb5 Qc6 14. a4 g6 15.
Bf4 Ne4 16. Ne5 Qc8 17. Nd6 Qa6 18. b5 Qa5 19. Ndxf7 Rg8 20. c6 Qc3 21. Qxc3
Nxc3 22. Rfe1 Rg7 23. c7 Nd7 24. Nxd7 Rxf7 25. Nf6 Kxf6 26. Be5+ Kf5 27. Rac1
Rc8 28. Rc2 Bb4 29. Re3 Rfxc7 30. Rf3+ Kg5 31. Rg3+ Kf5 32. Rf3+ Kg4 33. h3+
Kh5 34. Bxc7 Rxc7 35. Rf6 Re7 36. Kf1 Kg5 37. Rf3 Ne4 38. Ke2 Nd6 39. Rc6 Nc4
40. Kd3 Ba5 41. Kc2 Be1 42. g3 Bb4 43. h4+ Kh6 44. Rf6 Ra7 45. Kb3 Be7 46.
Rfxe6 Na5+ 47. Kb2 Nxc6 48. bxc6 Rc7 49. Kb3 Bf8 50. f3 Kg7 51. Re5 Bd6 52.
Rxd5 Bxg3 53. Rd7+ Rxd7 54. cxd7 Bxh4 55. Kc4 h5 56. d5 Kf7 57. Kb5 Bd8 58. Kc4
Ke7 59. Kd4 Kxd7 60. Ke4 Kd6 61. Kd4 h4 62. Ke3 Kxd5 63. Kf2 Kc5 0-1

[Event "Detroit (MI Action/2)"]
[Site "?"]
[Date "1991.??.??"]
[Round "?"]
[White "Brant, J."]
[Black "Winter, B."]
[Result "0-1"]
[WhiteElo "1605"]
[BlackElo "1605"]
[PlyCount "24"]
[EventDate "1991.??.??"]

1. e4 e5 2. Bc4 Nf6 3. Nc3 Bc5 4. Nf3 Ng4 5. O-O Nc6 6. Ng5 Qxg5 7. h3 Nd4 8.
hxg4 Qg6 9. b3 d6 10. f4 Bxg4 11. Qe1 Bh3 12. f5 Qxg2# 0-1

[Event "Detroit (MI Action/4)"]
[Site "?"]
[Date "1991.??.??"]
[Round "?"]
[White "Brant, J."]
[Black "Edens, Samuel"]
[Result "0-1"]
[WhiteElo "1605"]
[BlackElo "1605"]
[PlyCount "90"]
[EventDate "1991.??.??"]

1. e4 e5 2. Bc4 Nf6 3. Nf3 Nc6 4. b3 Bc5 5. Ba3 Bxa3 6. Nxa3 d5 7. Bb5 Nxe4 8.
O-O Bd7 9. Bxc6 Bxc6 10. Nxe5 Qd6 11. Nxc6 bxc6 12. Qh5 Qxa3 13. Qe5+ Kf8 14.
Qxc7 Qd6 15. Qb7 Qb8 16. Qxc6 Nxd2 17. Rfe1 Qd8 18. Re2 Rc8 19. Qa4 Rxc2 20.
Rae1 Nf3+ 21. Kf1 Nxe1 22. Rxe1 Rc7 23. b4 g6 24. Qb3 Kg7 25. a4 Rf8 26. g3 Qd6
27. Qb2+ Kg8 28. b5 Rd8 29. a5 Rdd7 30. b6 axb6 31. axb6 Rc8 32. b7 Rb8 33. Qa1
Rdxb7 34. Re5 Rb1+ 35. Qxb1 Rxb1+ 36. Kg2 Qxe5 37. Kh3 Rf1 38. f4 Qh5+ 39. Kg2
Rd1 40. Kf2 Qxh2+ 41. Ke3 Qxg3+ 42. Ke2 Rd3 43. f5 Re3+ 44. Kd2 Qf2+ 45. Kd1
Re1# 0-1

[Event "East Lansing (MOR/1)"]
[Site "?"]
[Date "1991.??.??"]
[Round "?"]
[White "Borhani-Azar, C."]
[Black "Smith, Robert"]
[Result "0-1"]
[WhiteElo "1605"]
[BlackElo "1695"]
[PlyCount "118"]
[EventDate "1991.??.??"]

1. e4 c5 2. Nf3 d6 3. Nc3 Nc6 4. Bb5 Bd7 5. O-O Nf6 6. d3 e5 7. Bg5 Be7 8. Nd2
O-O 9. f4 Bg4 10. Nf3 Nd4 11. f5 a6 12. Bc4 Nh5 13. h3 Bxf3 14. Bxe7 Qxe7 15.
Rxf3 Nxf3+ 16. Qxf3 Nf4 17. Nd5 Nxd5 18. Bxd5 Kh8 19. Rf1 g6 20. b3 gxf5 21.
Qxf5 f6 22. Rf3 Ra7 23. Rg3 b6 24. Qg4 h6 25. Qg6 Qh7 26. Kf2 Qxg6 27. Rxg6 Kh7
28. Rg3 f5 29. exf5 Rxf5+ 30. Ke2 Rg7 31. Be4 Rxg3 32. Bxf5+ Kg7 33. Be4 h5 34.
Kf2 h4 35. Ke2 b5 36. c4 b4 37. Bf3 Kf6 38. Ke3 Kf5 39. Ke2 Kf4 40. Kf2 a5 41.
Ke2 Rg7 42. Bc6 Rc7 43. Be4 Kg3 44. Kd2 Rf7 45. Bf3 Rxf3 46. gxf3 Kxh3 47. Ke2
Kg2 48. Ke3 h3 49. f4 exf4+ 50. Kxf4 h2 51. Kf5 h1=Q 52. Ke6 Qh2 53. a4 Qe5+
54. Kf7 Kg3 55. d4 cxd4 56. Kg6 Kg4 57. Kf7 Kg5 58. Kf8 Kg6 59. Kg8 Qg7# 0-1

[Event "East Lansing (MOR/3)"]
[Site "?"]
[Date "1991.??.??"]
[Round "?"]
[White "Borhani-Azar, C."]
[Black "Nixon, Peter"]
[Result "1/2-1/2"]
[WhiteElo "1605"]
[BlackElo "1605"]
[PlyCount "42"]
[EventDate "1991.??.??"]

1. e4 e5 2. Nf3 Nc6 3. Bb5 a6 4. Bxc6 dxc6 5. d3 Bc5 6. O-O Bg4 7. h3 Bxf3 8.
Qxf3 Qf6 9. Qxf6 Nxf6 10. Bg5 Be7 11. f4 h6 12. Bxf6 Bxf6 13. fxe5 Bxe5 14. c3
c5 15. Na3 O-O 16. Nc2 Rad8 17. Rad1 Rd7 18. Rf3 Rfd8 19. Kf2 c4 20. Ke2 c5 21.
a4 b6 1/2-1/2

[Event "East Lansing (MOR/5)"]
[Site "?"]
[Date "1991.??.??"]
[Round "?"]
[White "Borhani-Azar, C."]
[Black "Neely, Richard"]
[Result "1/2-1/2"]
[WhiteElo "1605"]
[BlackElo "1605"]
[PlyCount "52"]
[EventDate "1991.??.??"]

1. e4 e6 2. Nc3 d5 3. exd5 exd5 4. d4 Nf6 5. Bg5 Bb4 6. Qf3 Bg4 7. Qxg4 Nxg4 8.
Bxd8 Kxd8 9. h3 Re8+ 10. Nge2 Bxc3+ 11. bxc3 Nf6 12. f3 Nbd7 13. Kd2 c5 14. Ng3
g6 15. Bb5 Re7 16. Bxd7 Nxd7 17. Rhe1 Re6 18. Re3 Kc7 19. Rae1 Rae8 20. f4 Nb6
21. Rxe6 fxe6 22. dxc5 Nc4+ 23. Kd3 Kc6 24. Kd4 Na3 25. Re2 Nb5+ 26. Kd3 Kxc5
1/2-1/2

[Event "Detroit (HPO/4/23)"]
[Site "?"]
[Date "1991.??.??"]
[Round "?"]
[White "Bood, L."]
[Black "Lewis, Derrick"]
[Result "1/2-1/2"]
[WhiteElo "1605"]
[BlackElo "1935"]
[PlyCount "62"]
[EventDate "1991.??.??"]

{4/(23)} 1. d4 Nf6 2. Nf3 e6 3. Bg5 d5 4. e3 c5 5. c4 Qa5+ 6. Nc3 Ne4 7. Qa4+
Qxa4 8. Nxa4 cxd4 9. exd4 Bb4+ 10. Bd2 Nc6 11. Nc3 Nxd2 12. Kxd2 dxc4 13. Bxc4
O-O 14. Rhd1 Rd8 15. Ke1 Ne7 16. Kf1 b6 17. a3 Bxc3 18. bxc3 Bb7 19. Ne5 Rac8
20. Rac1 h6 21. Kg1 Nd5 22. Bxd5 Bxd5 23. Ng4 b5 24. Ne3 Bc4 25. f4 Kf8 26. Kf2
Ke7 27. Re1 Kf6 28. Ng4+ Kg6 29. Ne5+ Kf6 30. Ng4+ Kg6 31. Ne5+ Kf6 1/2-1/2

[Event "Detroit (HPO/1/33)"]
[Site "?"]
[Date "1991.??.??"]
[Round "?"]
[White "Bood, L."]
[Black "Dobbs, Edward"]
[Result "0-1"]
[WhiteElo "1605"]
[BlackElo "1755"]
[PlyCount "70"]
[EventDate "1991.??.??"]

{1/(33)} 1. Nf3 c5 2. c4 Nf6 3. Nc3 d5 4. d4 e6 5. Bg5 h6 6. Bh4 cxd4 7. Nxd4
dxc4 8. Qa4+ Bd7 9. Qxc4 Nc6 10. e3 Be7 11. Be2 Rc8 12. Nf3 Nb4 13. Qb3 b6 14.
O-O Nfd5 15. Bxe7 Qxe7 16. Nxd5 Nxd5 17. Rfd1 O-O 18. Bb5 Bxb5 19. Qxb5 Rc5 20.
Qa4 Rfc8 21. Qe4 Rc2 22. h3 Qf6 23. Qa4 Qxb2 24. Rf1 a5 25. Qd4 Nc3 26. Kh2
Nxa2 27. Rfb1 Qxd4 28. Nxd4 Rxf2 29. Rxb6 Rc3 30. Ra6 Rxe3 31. Rxa5 Nc3 32.
Ra8+ Kh7 33. R8a3 Nd5 34. Rxe3 Nxe3 35. Kg3 Rd2 0-1

[Event "East Lansing (MOR/6)"]
[Site "?"]
[Date "1991.??.??"]
[Round "?"]
[White "Bohnhorst, B."]
[Black "Shull, D."]
[Result "1/2-1/2"]
[WhiteElo "1605"]
[BlackElo "1605"]
[PlyCount "147"]
[EventDate "1991.??.??"]

1. e4 d6 2. Bc4 Nf6 3. d3 g6 4. Be3 Bg7 5. Qd2 O-O 6. Bh6 Re8 7. Bxg7 Kxg7 8.
Nc3 Nbd7 9. f4 e5 10. g3 b6 11. Qg2 Bb7 12. h3 Nc5 13. Nge2 d5 14. Nxd5 Nxd5
15. exd5 Qd6 16. Qf2 Bxd5 17. Bxd5 Qxd5 18. Kd2 e4 19. Qd4+ Qxd4 20. Nxd4 e3+
21. Kc3 Na4+ 22. Kb3 c5 23. Ne2 b5 24. c4 a6 25. a3 Red8 26. Rhd1 Rab8 27. Rac1
h5 28. Rc2 Rd7 29. Ka2 Rbd8 30. Nc1 f5 31. Re2 Re8 32. cxb5 axb5 33. Ree1 Kh6
34. Kb1 h4 35. Ne2 Kh5 36. Kc2 Red8 37. b3 Nb6 38. Rg1 c4 39. bxc4 bxc4 40. d4
Ra8 41. Ra1 Nd5 42. gxh4 Nc7 43. Rg3 Nb5 44. Rxe3 Nxd4+ 45. Nxd4 Rxd4 46. Re7
Rh8 47. Rf1 Kxh4 48. Re3 Ra8 49. Rff3 Rad8 50. a4 c3 51. Rxc3 Rxa4 52. Rc7 Rh8
53. Rg7 Kh5 54. Kd3 Kh6 55. Rd7 Kh5 56. Rd4 Ra3+ 57. Ke2 Rxf3 58. Kxf3 Kh4 59.
Kg2 Ra8 60. Rd7 Rh8 61. Rg7 Kh5 62. Kg3 Kh6 63. Re7 Rh7 64. Rxh7+ Kxh7 65. Kh4
Kh6 66. Kg3 Kh5 67. h4 Kh6 68. Kh3 Kh5 69. Kg3 Kh6 70. Kh3 Kg7 71. Kg3 Kf6 72.
Kf3 Ke6 73. Ke3 Kd5 74. Kd3 1/2-1/2

[Event "East Lansing (MOR/4)"]
[Site "?"]
[Date "1991.??.??"]
[Round "?"]
[White "Bohnhorst, B."]
[Black "Shields, B."]
[Result "0-1"]
[WhiteElo "1605"]
[BlackElo "1605"]
[PlyCount "58"]
[EventDate "1991.??.??"]

1. e4 c5 2. Nc3 e6 3. Bc4 Nc6 4. d3 Nf6 5. Bg5 Be7 6. Bxf6 Bxf6 7. Qd2 e5 8.
Bb5 Bg5 9. Qe2 Nd4 10. Qd1 a6 11. Bc4 O-O 12. Nf3 d6 13. Nxd4 cxd4 14. Ne2 Qa5+
15. c3 b5 16. Bb3 Bg4 17. f3 Bh4+ 18. Kd2 Bg5+ 19. Kc2 Bd7 20. g4 Rac8 21. h4
Be3 22. Qe1 b4 23. c4 d5 24. Ng3 dxc4 25. Bxc4 Bb5 26. b3 Rfd8 27. a3 Bxc4 28.
axb4 Bxd3+ 29. Kd1 Qxa1# 0-1

[Event "East Lansing (MOR/2)"]
[Site "?"]
[Date "1991.??.??"]
[Round "?"]
[White "Bohnhorst, B."]
[Black "Hill, M."]
[Result "0-1"]
[WhiteElo "1605"]
[BlackElo "1605"]
[PlyCount "100"]
[EventDate "1991.??.??"]

1. e4 e6 2. Nc3 c5 3. Bb5 Qc7 4. Nf3 a6 5. Be2 Nc6 6. d3 Nf6 7. h3 d5 8. exd5
exd5 9. Bg5 d4 10. Bxf6 gxf6 11. Ne4 Be7 12. g4 Ne5 13. Nh4 Be6 14. Ng3 Qc6 15.
Bf3 Nxf3+ 16. Nxf3 Bd5 17. Ne4 Bxe4 18. dxe4 Qxe4+ 19. Qe2 Qxe2+ 20. Kxe2 O-O-O
21. Kd3 h5 22. Nh4 hxg4 23. hxg4 b5 24. Nf5 c4+ 25. Ke4 Rhe8 26. Nxe7+ Rxe7+
27. Kf3 Rde8 28. Rad1 Rd8 29. Rh5 Red7 30. Rf5 Rd6 31. Kg3 Kc7 32. Kh4 Rh8+ 33.
Rh5 Re8 34. Rd2 Kc6 35. Rf5 Ree6 36. Kg3 Re5 37. Rf4 Red5 38. Kf3 Kc5 39. Ke2
d3+ 40. Ke3 Re5+ 41. Kf3 Red5 42. c3 Re6 43. Re4 Rde5 44. Rxe5+ Rxe5 45. b4+
Kd5 46. Kg2 Ke4 47. Kf1 Kf3 48. Kg1 Re2 49. Rd1 d2 50. Rxd2 Rxd2 0-1

[Event "East Lansing (MOR/4)"]
[Site "?"]
[Date "1991.??.??"]
[Round "?"]
[White "Berger, Byron"]
[Black "Smith, Lester"]
[Result "0-1"]
[WhiteElo "1605"]
[BlackElo "1605"]
[PlyCount "50"]
[EventDate "1991.??.??"]

1. f4 d5 2. e3 Bf5 3. Nf3 Nf6 4. b3 e6 5. Bb2 Nc6 6. Bb5 Be7 7. Bxc6+ bxc6 8.
O-O O-O 9. Nc3 Rb8 10. Ne5 Qd6 11. h3 Ne4 12. Nxe4 Bxe4 13. Qg4 Bf6 14. Rab1
Bxc2 15. Nd7 Bxb2 16. Rxb2 Bf5 17. Nf6+ Kh8 18. Qg5 gxf6 19. Qxf6+ Kg8 20. Qg5+
Bg6 21. Rf3 Rbe8 22. h4 Qe7 23. Qg4 Kh8 24. f5 Bxf5 25. Qd4+ f6 0-1

[Event "East Lansing (MOR/3)"]
[Site "?"]
[Date "1991.??.??"]
[Round "?"]
[White "Berger, Byron"]
[Black "Hill, Brent"]
[Result "0-1"]
[WhiteElo "1605"]
[BlackElo "1605"]
[PlyCount "96"]
[EventDate "1991.??.??"]

1. e4 c6 2. d4 d5 3. exd5 cxd5 4. Bd3 Nc6 5. Nf3 Bg4 6. c3 e6 7. h3 Bh5 8. Qc2
Bxf3 9. gxf3 Nf6 10. Bf4 Bd6 11. Bxd6 Qxd6 12. Nd2 g6 13. O-O-O Rc8 14. Qb3 b6
15. Qa4 Ke7 16. Bb5 a5 17. Kb1 Na7 18. Rc1 Nxb5 19. Qxb5 Qc6 20. Qxc6 Rxc6 21.
Rc2 b5 22. Nb3 a4 23. Nc5 Nd7 24. Nxd7 Kxd7 25. Kc1 Rhc8 26. Kd2 b4 27. Kd3 Kd6
28. Rhc1 b3 29. axb3 axb3 30. Rd2 Re8 31. f4 f6 32. Re2 e5 33. fxe5+ fxe5 34.
Rxe5 Rxe5 35. dxe5+ Kxe5 36. Ra1 Rf6 37. Ke3 Rf4 38. Ra3 Rh4 39. Rxb3 Rxh3+ 40.
Ke2 Rh4 41. Rb4 Rxb4 42. cxb4 Kd6 43. b5 Kc5 44. Kd3 Kxb5 45. Kc3 h5 46. Kd3 h4
47. Ke3 h3 48. Kf3 d4 0-1

[Event "East Lansing (MOR/2)"]
[Site "?"]
[Date "1991.??.??"]
[Round "?"]
[White "Benjamin, H."]
[Black "Stockham, James"]
[Result "1/2-1/2"]
[WhiteElo "1615"]
[BlackElo "1775"]
[PlyCount "88"]
[EventDate "1991.??.??"]

1. e4 e5 2. Nf3 Nc6 3. Bc4 Nf6 4. c3 d5 5. exd5 Nxd5 6. O-O Be7 7. Re1 O-O 8.
d4 exd4 9. Nxd4 Nxd4 10. Qxd4 c6 11. Rd1 Be6 12. Nd2 Nc7 13. Qxd8 Rfxd8 14.
Bxe6 Nxe6 15. Re1 Bg5 16. Nb3 Bxc1 17. Raxc1 b6 18. g3 Rd7 19. Rc2 Kf8 20. Nc1
Rad8 21. Kg2 Nc5 22. b4 Nd3 23. Nxd3 Rxd3 24. a4 Rd2 25. Rec1 Rxc2 26. Rxc2 Rd1
27. Ra2 a6 28. a5 b5 29. Re2 Rd6 30. Re3 f6 31. h4 Kf7 32. g4 c5 33. bxc5 Rc6
34. Rd3 Ke6 35. Re3+ Kf7 36. Rd3 Rxc5 37. Rd7+ Kg6 38. Ra7 Rxc3 39. Rxa6 Ra3
40. Ra7 h6 41. f3 b4 42. a6 b3 43. Rb7 Rxa6 44. Rxb3 Ra7 1/2-1/2

[Event "East Lansing (MOR/4)"]
[Site "?"]
[Date "1991.??.??"]
[Round "?"]
[White "Benjamin, H."]
[Black "Steen, Harold"]
[Result "1-0"]
[WhiteElo "1615"]
[BlackElo "1760"]
[PlyCount "81"]
[EventDate "1991.??.??"]

1. Nf3 Nf6 2. c4 g6 3. Nc3 Bg7 4. d4 O-O 5. e4 d6 6. Bg5 Bg4 7. h3 Bxf3 8. Qxf3
Nbd7 9. Bd3 c5 10. d5 Ne5 11. Qe2 Nxd3+ 12. Qxd3 Nd7 13. f4 f5 14. Rb1 fxe4 15.
Qxe4 Nf6 16. Qe6+ Kh8 17. O-O Qe8 18. Rf2 Qf7 19. Re1 Qxe6 20. Rxe6 h6 21. Bh4
Rf7 22. Rfe2 Re8 23. Nb5 Ng8 24. Nxd6 exd6 25. Rxe8 Rxf4 26. Bg3 Rxc4 27. Bxd6
b6 28. Be5 Rc1+ 29. Kf2 Rd1 30. Bxg7+ Kxg7 31. Rd8 h5 32. Ke3 Nf6 33. Rd2 Re1+
34. Kf3 Ne4 35. Re2 Ng5+ 36. Kf2 Rd1 37. Rd7+ Kf6 38. h4 Nf7 39. Re6+ Kf5 40.
Rxf7+ Kg4 41. Re4# 1-0

[Event "East Lansing (MOR/6)"]
[Site "?"]
[Date "1991.??.??"]
[Round "?"]
[White "Benjamin, H."]
[Black "Brewer, R."]
[Result "1-0"]
[WhiteElo "1615"]
[BlackElo "1605"]
[PlyCount "83"]
[EventDate "1991.??.??"]

1. Nf3 Nf6 2. c4 c6 3. d4 d5 4. c5 g6 5. b4 Bg7 6. Bg5 h6 7. Bh4 O-O 8. e3 Nbd7
9. Nc3 Re8 10. a4 a6 11. Be2 Nf8 12. O-O Bg4 13. h3 Bxf3 14. Bxf3 e5 15. b5 e4
16. Be2 g5 17. Bg3 Ng6 18. Qb3 Qd7 19. bxc6 bxc6 20. a5 Ne7 21. Na4 Ra7 22. Nb6
Qb7 23. Rab1 Nf5 24. Bh2 Bf8 25. Qa4 Qe7 26. Qxc6 Qe6 27. Qa4 Kg7 28. Rfc1 Ne7
29. c6 Kg6 30. Qd1 Nxc6 31. Ra1 Nxa5 32. Rxa5 Qxb6 33. Rca1 Bb4 34. Rxa6 Rxa6
35. Rxa6 Qb7 36. Be5 Be7 37. Bh5+ Kg7 38. Qa4 Rc8 39. Ra7 Qb1+ 40. Kh2 Rc1 41.
Rxe7 Rc4 42. Rxf7+ 1-0

[Event "Ann Arbor (MI Inv Pre/1)"]
[Site "?"]
[Date "1991.??.??"]
[Round "?"]
[White "Basin, Leonid"]
[Black "Tsemekhman, Vadim"]
[Result "1/2-1/2"]
[WhiteElo "2435"]
[BlackElo "2460"]
[PlyCount "30"]
[EventDate "1991.??.??"]

1. e4 c6 2. d4 d5 3. e5 Bf5 4. Bd3 Bxd3 5. Qxd3 Qb6 6. Nf3 Qa6 7. Qxa6 Nxa6 8.
c3 e6 9. O-O Nc7 10. Nbd2 Ne7 11. Re1 Nf5 12. Nf1 Be7 13. Ng3 Nxg3 14. hxg3 Kd7
15. Bf4 h5 1/2-1/2

[Event "Detroit (HPO/4/1)"]
[Site "?"]
[Date "1991.??.??"]
[Round "?"]
[White "Basin, Leonid"]
[Black "Thomas, C."]
[Result "1-0"]
[WhiteElo "2465"]
[BlackElo "2130"]
[PlyCount "73"]
[EventDate "1991.??.??"]

{4/(1)} 1. d4 Nf6 2. Nf3 g6 3. c4 Bg7 4. Nc3 O-O 5. e4 d6 6. Be2 Nc6 7. d5 Nb8
8. h3 c6 9. O-O Nbd7 10. Be3 a6 11. a4 cxd5 12. cxd5 Qa5 13. Nd2 Nc5 14. Nb3
Qb4 15. Nxc5 dxc5 16. Qc2 Bd7 17. a5 Rac8 18. Ra3 c4 19. Rc1 Ne8 20. Nd1 Bb5
21. Bg4 Ra8 22. Bd2 Qd6 23. Bc3 Bh6 24. Rb1 Bf4 25. Qe2 Be5 26. Ne3 Bxc3 27.
Rxc3 Qb4 28. Qd2 Rd8 29. Qd4 e6 30. Qb6 Rd6 31. Qxb7 Qxa5 32. dxe6 fxe6 33. Qe7
Qb6 34. e5 Rc6 35. Rd1 Qc5 36. Bxe6+ Kh8 37. Rd6 1-0